| 000 | 00885nam a22002297a 4500 | ||
|---|---|---|---|
| 001 | 76370 | ||
| 003 | BD-RjUL | ||
| 005 | 20211209082830.0 | ||
| 008 | 191127s2018 bg ||||| |||| 00| 0 ben d | ||
| 020 | _a9847012402931 | ||
| 035 | _a(BD-RjUL)76591 | ||
| 040 |
_aBD-RjUL _beng _cBD-RjUL |
||
| 041 | _aben | ||
| 082 |
_223 _a954.9205 _bMOA 2018 |
||
| 100 |
_aমোহাম্মদ, তাজুল _9235678 |
||
| 245 | 1 | 0 |
_aএমন বর্বরতা কখনো দেখেনি কেউ / _cতাজুল মোহাম্মদ |
| 260 |
_aঢাকা : _bসাহিত্য প্রকাশ, _c২০১৮ |
||
| 300 |
_a২৩৬ প.; _c২৩ সেমি. |
||
| 651 |
_aবাংলাদেশ _xইতিহাস _x মুক্তিযুদ্ধ _y১৯৭১ _9235679 |
||
| 651 |
_aBangladesh _xHistory _xRevolution _y1971 _9235680 |
||
| 942 |
_2ddc _cBK |
||
| 999 |
_c76370 _d76370 |
||